000 00689nam a2200277Ia 4500
005 20260324113838.0
008 008 260324s9999 xx 000 0 eng d
020 _a9781003453024
037 _aEBOOK
040 _aCRL
040 _beng
040 _cCRL
041 _2eng
041 _aeng
084 _qCRL
100 _aLyndon Marshall
_91148407
245 0 _aPractical Insecurity: The Layman's Guide to Digital Security and Digital Self-defense
260 _bTaylor and Francis
260 _c2023
365 _a
365 _b240
856 _uhttp://www.taylorfrancis.com/books/9781003453024
942 _cEBOOK
999 _c1738266
_d1738266